<?xml version="1.0" encoding="UTF-8"?><?xml-stylesheet type="text/xsl" href="static/style.xsl"?><OAI-PMH xmlns="http://www.openarchives.org/OAI/2.0/" xmlns:xsi="http://www.w3.org/2001/XMLSchema-instance" xsi:schemaLocation="http://www.openarchives.org/OAI/2.0/ http://www.openarchives.org/OAI/2.0/OAI-PMH.xsd"><responseDate>2026-06-01T20:47:36Z</responseDate><request verb="GetRecord" identifier="oai:riuma.uma.es:10630/5105" metadataPrefix="marc">https://riuma.uma.es/rest/oai/request</request><GetRecord><record><header><identifier>oai:riuma.uma.es:10630/5105</identifier><datestamp>2026-02-03T12:54:04Z</datestamp><setSpec>com_10630_5079</setSpec><setSpec>com_10630_3139</setSpec><setSpec>com_10630_10</setSpec><setSpec>col_10630_5085</setSpec></header><metadata><record xmlns="http://www.loc.gov/MARC21/slim" xmlns:dcterms="http://purl.org/dc/terms/" xmlns:doc="http://www.lyncode.com/xoai" xmlns:xsi="http://www.w3.org/2001/XMLSchema-instance" xsi:schemaLocation="http://www.loc.gov/MARC21/slim http://www.loc.gov/standards/marcxml/schema/MARC21slim.xsd">
   <leader>00925njm 22002777a 4500</leader>
   <datafield ind2=" " ind1=" " tag="042">
      <subfield code="a">dc</subfield>
   </datafield>
   <datafield ind2=" " ind1=" " tag="720">
      <subfield code="a">Murcia, Claude</subfield>
      <subfield code="e">author</subfield>
   </datafield>
   <datafield ind2=" " ind1=" " tag="260">
      <subfield code="c">2012</subfield>
   </datafield>
   <datafield ind2=" " ind1=" " tag="520">
      <subfield code="a">Sagitario (2001), film à la fois enjoué et mélancolique, présente une structure «mosaïque» qui substitue à la hiérarchisation des événements selon une logique causale la restitution d’un «état du monde». L’arbitraire de la contiguïté&#xd;
spatiale se joint à l’ubiquité énonciative pour construire un monde dominé par la discontinuité&#xd;
et l’inconstance. A l’éclatement structurel et à la dispersion du récit correspond la vision d’un sujet changeant et multiple qui semble mettre en échec tout principe de continuité malgré le recours –qu’on peut penser plaisamment générique– au «happy ending».</subfield>
   </datafield>
   <datafield ind1="8" ind2=" " tag="024">
      <subfield code="a">Fotocinema. Revista científica de cine y fotografía, 4 (2012), 3-9</subfield>
   </datafield>
   <datafield ind1="8" ind2=" " tag="024">
      <subfield code="a">2172-0150</subfield>
   </datafield>
   <datafield ind1="8" ind2=" " tag="024">
      <subfield code="a">http://hdl.handle.net/10630/5105</subfield>
   </datafield>
   <datafield tag="653" ind2=" " ind1=" ">
      <subfield code="a">Molina Foix, Vicente. Sagitario - Crítica e interpretación</subfield>
   </datafield>
   <datafield ind2="0" ind1="0" tag="245">
      <subfield code="a">Chorégraphie sentimentale</subfield>
   </datafield>
</record>
</metadata></record></GetRecord></OAI-PMH>